| 000 | 00452nam a2200169Ia 4500 | ||
|---|---|---|---|
| 003 | SGT | ||
| 020 | _a9788175155725 | ||
| 082 |
_a5.13 _bHOR |
||
| 100 | _aEllis Horowitz | ||
| 245 | _aFundamentals of Programming Languages | ||
| 250 | _a2nd Ed. | ||
| 260 |
_bGalgotia Publications Pvt. Ltd. _aN.Delhi _c2010 |
||
| 300 | _a446p. | ||
| 650 | _aCOMPUTER SCIENCE | ||
| 653 | _aTHE EVOLUTION OF PROGRAMMING LANGUAGES, DEFINING SYNTAX | ||
| 942 |
_2ddc _cBK _06 |
||
| 999 |
_c5170 _d5170 |
||